Poesía latina pastoril, de caza y pesca / (Record no. 6524)
[ view plain ]
| 000 -LEADER | |
|---|---|
| campo de control de longitud fija | 01299nam a2200313 i 4500 |
| 001 - NÚMERO DE CONTROL | |
| campo de control | 6524 |
| 003 - IDENTIFICADOR DE NÚMERO DE CONTROL | |
| campo de control | ES-MaACL |
| 005 - FECHA Y HORA DE LA ÚLTIMA TRANSACCIÓN | |
| campo de control | 20230906144956.0 |
| 007 - CAMPO FIJO DE DESCRIPCIÓN FÍSICA--INFORMACIÓN GENERAL | |
| campo de control de longitud fija | t| |
| 008 - DATOS DE LONGITUD FIJA--INFORMACIÓN GENERAL | |
| campo de control de longitud fija | 891211s1984 sp |||| | spa d |
| 020 ## - NÚMERO INTERNACIONAL ESTÁNDAR DEL LIBRO | |
| Número Internacional Estándar del Libro | 84-249-0967-4 |
| 080 ## - NÚMERO DE LA CLASIFICACIÓN DECIMAL UNIVERSAL | |
| Número de la Clasificación Decimal Universal | 87-14(082.2) |
| 245 00 - MENCIÓN DEL TÍTULO | |
| Título | Poesía latina pastoril, de caza y pesca / |
| Mención de responsabilidad, etc. | introducciones, traducciones y notas de José A. Correa Rodríguez. |
| 260 ## - PUBLICACIÓN, DISTRIBUCIÓN, ETC. | |
| Lugar de publicación, distribución, etc. | Madrid : |
| Nombre del editor, distribuidor, etc. | Gredos, |
| Fecha de publicación, distribución, etc. | [1984] |
| 300 ## - DESCRIPCIÓN FÍSICA | |
| Extensión | 227 p. ; |
| Dimensiones | 20 cm. |
| 490 1# - MENCIÓN DE SERIE | |
| Mención de serie | Biblioteca clásica Gredos ; |
| Designación de volumen o secuencia | 76 |
| 500 ## - NOTA GENERAL | |
| Nota general | Índices. |
| 505 8# - NOTA DE CONTENIDO CON FORMATO | |
| Nota de contenido con formato | Contiene: ; |
| Título | Cinegética / |
| Mención de responsabilidad | Gratio. -- |
| Título | Haliéutica / |
| Mención de responsabilidad | P. Ovido Nasón. -- |
| Título | Bucólicas / |
| Mención de responsabilidad | T. Calpurnio Sículo. -- |
| Título | Bucólicas Einsidlenses; Cinegética; De la caza de los pájaros / |
| Mención de responsabilidad | M. Aurelio Olimpio Nemesiano. -- |
| Título | De la mortandad de bueyes / |
| Mención de responsabilidad | Severo Santo Endelequio |
| 650 #4 - PUNTO DE ACCESO ADICIONAL DE MATERIA--TÉRMINO DE MATERIA | |
| Término de materia o nombre geográfico como elemento de entrada | Poesías pastoriles latinas. |
| 9 (RLIN) | 167903 |
| 700 1# - ENTRADA AGREGADA--NOMBRE PERSONAL | |
| Nombre de persona | Gracio, Falisco. |
| 9 (RLIN) | 167906 |
| 700 1# - ENTRADA AGREGADA--NOMBRE PERSONAL | |
| Nombre de persona | Ovidio Nasón, Publio. |
| 9 (RLIN) | 88013 |
| 700 1# - ENTRADA AGREGADA--NOMBRE PERSONAL | |
| Nombre de persona | Calpurnio Siculo, Tito Julio. |
| 9 (RLIN) | 33784 |
| 700 1# - ENTRADA AGREGADA--NOMBRE PERSONAL | |
| Nombre de persona | Nemesiano, Marco Aurelio Olimpio. |
| 9 (RLIN) | 85377 |
| 700 1# - ENTRADA AGREGADA--NOMBRE PERSONAL | |
| Nombre de persona | Severo Santo. |
| 9 (RLIN) | 105925 |
| 700 1# - ENTRADA AGREGADA--NOMBRE PERSONAL | |
| Nombre de persona | Correa Rodríguez, José A. |
| 9 (RLIN) | 40756 |
| 830 0# - PUNTO DE ACCESO ADICIONAL DE SERIE-TÍTULO UNIFORME | |
| Título uniforme | Biblioteca clásica Gredos ; |
| Designación de volumen o secuencia | 76 |
| 9 (RLIN) | 177556 |
| 852 ## - LOCALIZACIÓN | |
| Ubicación | ES-MaACL |
| Número de control de estantería | L-13685 |
| Nota libre | - Enc. plast. |
| Estatus retirado | Estado de pérdida | Estado de daño | No para préstamo | Biblioteca de origen | Biblioteca actual | Ubicación en estantería | Fecha de adquisición | Fuente de adquisición | Total de préstamos | Signatura topográfica completa | Código de barras | Visto por última vez | Precio de reemplazo | Tipo de ítem Koha |
|---|---|---|---|---|---|---|---|---|---|---|---|---|---|---|
| Biblioteca del Ateneo de Madrid | Biblioteca del Ateneo de Madrid | Depósito 2 | 17/01/2008 | L-13685 | 1006644 | 23/02/2023 | 23/02/2023 | Libro impreso |
